|
|
|
|
| LEADER |
00000nab a2200000 ar4500 |
| 001 |
vtls010603491 |
| 003 |
SK-MaSNL |
| 005 |
20260303200930.0 |
| 008 |
140616c2014 xo wr|p|||||||000 b|slo |
| 038 |
|
|
|a PPPK
|
| 040 |
|
|
|a PPPKCL
|b slo
|c PPPKCL
|e AACR2
|
| 041 |
0 |
|
|a slo
|
| 044 |
|
|
|a xo
|c SK
|
| 080 |
|
|
|a 663/664
|2 2001
|
| 080 |
|
|
|a 637.5
|2 2001
|
| 245 |
0 |
0 |
|a Minister navštívil Hranovnicu. Kvôli podpore potraninárov
|c [text a foto] (plk)
|
| 300 |
|
|
|b Fotogr.
|
| 600 |
1 |
7 |
|a Jahnátek, Ľubomír,
|d 1954-
|2 pppkcl
|9 213699
|
| 610 |
1 |
7 |
|a Slovensko.
|b Ministerstvo pôdohospodárstva
|2 pppkcl
|9 115174
|
| 610 |
2 |
7 |
|a Tatrakon (Poprad, Slovensko)
|2 pppkcl
|9 857018
|
| 610 |
2 |
7 |
|a Mäsovýroba Štefan Knižka (Hranovnica, Slovensko)
|2 pppkcl
|9 1231517
|
| 648 |
|
7 |
|a 14.3.2014
|2 pppkcl
|9 1092711
|
| 650 |
0 |
7 |
|a potravinársky priemysel
|2 pppkcl
|9 974
|
| 650 |
0 |
7 |
|a mäso
|2 pppkcl
|9 18169
|
| 650 |
0 |
7 |
|a pracovné návštevy
|2 pppkcl
|9 69996
|
| 651 |
|
7 |
|a Hranovnica (Slovensko)
|2 pppkcl
|9 31833
|
| 651 |
|
7 |
|a Poprad (Slovensko : okres)
|2 pppkcl
|9 28675
|
| 773 |
0 |
|
|t Podtatranské noviny
|g Roč. LIV, č. 12 (2014), s. 2
|x 1210-2423
|
| 852 |
|
|
|a PPPK
|b KIS3GCP
|
| 999 |
|
|
|c 2170656
|d 2172586
|